00229nam a2200097Ia 4500008004100000041000800041082001200049100001500061245004500076365001000121240625s9999 xx 000 0 und d aeng a658 PIP aPIPE STEVE aSTRESS PROOF YOUR BUSINESS AND YOUR LIFE cRSb5